عمان و تاريخها البحرى (رقم التسجيلة. 110288)

تفاصيل مارك
000 -LEADER
fixed length control field 00941cam a2200253 a 4500
003 - CONTROL NUMBER IDENTIFIER
control field EG-GiCUC
008 - FIXED-LENGTH DATA ELEMENTS--GENERAL INFORMATION
fixed length control field 081104s1979 mk ab g 000 0 ara d
040 ## - CATALOGING SOURCE
Original cataloging agency EG-GiCUC
Language of cataloging ara
Transcribing agency EG-GiCUC
043 ## - GEOGRAPHIC AREA CODE
Geographic area code a*mk***
050 #4 - LIBRARY OF CONGRESS CALL NUMBER
Classification number VK113.O5
Item number U43 1979
092 04 - LOCALLY ASSIGNED DEWEY CALL NUMBER (OCLC)
Classification number 359.09534
Item number U48
Edition number 21
099 ## - LOCAL FREE-TEXT CALL NUMBER (OCLC)
Classification number 04
-- 359.09534 U48
245 00 - TITLE STATEMENT
Title عمان و تاريخها البحرى
260 ## - PUBLICATION, DISTRIBUTION, ETC.
Place of publication, distribution, etc. سلطنة عمان:
Name of publisher, distributor, etc. وزارة الاعلام و الثقافة:
Date of publication, distribution, etc. 1979
300 ## - PHYSICAL DESCRIPTION
Extent 192ص:
Other physical details ايض(بعضها لو):خرائط؛
Dimensions 30سم
504 ## - BIBLIOGRAPHY, ETC. NOTE
Bibliography, etc. note يشتمل على ارجاعات ببليوجرافية(ص187-190)
651 #7 - SUBJECT ADDED ENTRY--GEOGRAPHIC NAME
Geographic name عمان
General subdivision التاريخ البحرى
Source of heading or term qrmak
710 1# - ADDED ENTRY--CORPORATE NAME
Corporate name or jurisdiction name as entry element عمان.
Subordinate unit وزارة الاعلام و الثقافة
902 ## - LOCAL DATA ELEMENT B, LDB (RLIN)
No. of Items 1
905 ## - LOCAL DATA ELEMENT E, LDE (RLIN)
Cataloger بلتاجى
Reviser مراجع
905 ## - LOCAL DATA ELEMENT E, LDE (RLIN)
Cataloger عبير
Reviser مدخل
942 ## - ADDED ENTRY ELEMENTS (KOHA)
Source of classification or shelving scheme Dewey Decimal Classification
Koha item type Books
المقتنيات
Source of classification or shelving scheme Not for loan Home library Current library Date acquired Full call number Barcode Date last seen Copy number Koha item type
Dewey Decimal Classification   المكتبة المركزبة الجديدة - جامعة القاهرة قاعة المكتبات المهداة - الدور الرابع 11.02.2024 359.09534 U48 K.B 01000103000546000 23.06.2024 C.1 Books
Cairo University Libraries Portal Implemented & Customized by: Eng. M. Mohamady Contacts: new-lib@cl.cu.edu.eg | cnul@cl.cu.edu.eg
CUCL logo CNUL logo
© All rights reserved — Cairo University Libraries
CUCL logo
Implemented & Customized by: Eng. M. Mohamady Contact: new-lib@cl.cu.edu.eg © All rights reserved — New Central Library
CNUL logo
Implemented & Customized by: Eng. M. Mohamady Contact: cnul@cl.cu.edu.eg © All rights reserved — Cairo National University Library